| 000 | 00977nam a2200289 i 4500 | ||
|---|---|---|---|
| 005 | 20191224041706.0 | ||
| 008 | 140311s2002 ck ||||| |||| 00| 0 spa d | ||
| 040 |
_aCO-BoIAVH _cCO-BoIAVH |
||
| 041 | _aspa | ||
| 044 | _ack | ||
| 082 | 0 | 4 |
_a570.72 _bM52a |
| 100 | 1 | _aMelgarejo, Luz Marina | |
| 245 | 1 | 0 |
_aAproximación al estado actual de la bioprospección en Colombia / _cLuz Marina Melgarejo y (otros seis autores) |
| 260 |
_aBogotá : _bCargraphics, _c2002. |
||
| 300 |
_a334 páginas ; _c26 cm. |
||
| 650 | 1 | 4 | _aEcología |
| 650 | 2 | 4 | _aMicrobiología |
| 650 | 2 | 4 | _aOrganismos marinos |
| 700 | 1 |
_aSánchez, Jimena, _eautora. |
|
| 700 | 1 |
_aChaparro, Alejandro, _eautor. |
|
| 700 | 1 |
_aNewmark, Federico, _eautor. |
|
| 700 | 1 |
_aSantos Acevedo, Marisol, _eautora. |
|
| 700 | 1 |
_aBurbano, Consuelo, _eautora. |
|
| 700 | 1 |
_aReyes, Carmen, _eautora. |
|
| 942 |
_cLIBRO _2ddc |
||
| 945 | _d2003-11-05 | ||
| 999 |
_c3483 _d3483 |
||